000 00742nam a2200277Ia 4500
003 OSt
005 20220912144928.0
006 a|||||r|||| 00| 0
007 ta
008 220909b |||||||| |||| 00| 0 eng d
020 _a0521854342 (hbd)
024 _a77708
037 _cTextbook
040 _aCSL
_beng
_cCSL
041 _aeng
082 _aG:5, P5 TG
100 _aRohde Klaus
245 0 _aNonequilibrium ecology
260 _aCambridge
_bCambridge University Press
_c2005
300 _aix,223p.
_ccm.
500 _aBibliographical references 189-215p; Index 219-223p
650 _a Nonequilibrium
650 _aBotany
942 _hG:5, P5 TG
_cTB
_2CC
999 _c19278
_d19278